| 000 | 00652nam a2200205 a 4500 | ||
|---|---|---|---|
| 005 | 20221104063454.0 | ||
| 008 | 040305s2001 mx r 000 0 spa d | ||
| 020 | _a9683810438 | ||
| 035 | _aUPN01000132498 | ||
| 049 | _aCG | ||
| 050 | 4 |
_aHF5549 _bH5.3 |
|
| 100 | 1 | _aHill, Jenny | |
| 245 | 1 | 0 |
_aAdministración del desempeño : _bmetas, retroalimentación, asesoría, reconocimiento / _cJenny Hill ; tr. Juan Carlos Jolly. |
| 260 |
_aMéxico : _bPanorama, _c2001. |
||
| 300 | _a154 p. | ||
| 534 |
_pTraducción de: _tManaging performance |
||
| 650 | 2 |
_aAdministración de personal _9487 |
|
| 650 | 4 |
_aPERSONAL - _xDIRECCION _911025 |
|
| 905 | _aLibro | ||
| 999 |
_c104652 _d104652 |
||